| 000 | 00531nam a2200205 a 4500 | ||
|---|---|---|---|
| 005 | 20140414132121.0 | ||
| 008 | 120906s19uu xx 00 eng d | ||
| 020 | _a9789814070508 | ||
| 050 |
_aTR 372.6 _bAl416 2008 |
||
| 100 | _aAllen, Rosemary | ||
| 245 | _aGrammar skills 4. | ||
| 260 |
_aSingapore : _bLearners Pub, _c2008. |
||
| 300 | _a100 | ||
| 440 | _aEnglish Language workshop | ||
| 500 | _aoriginal copyright 2001 | ||
| 650 | _aGrammar-parts of speech. | ||
| 999 |
_c115083 _d115083 |
||